Nennen Sie die 10 größten Seehäfen Europas - mit Tipps - Statistiken

Allgemein
  • Dieses Quiz wurde 117 mal gespielt
  • Das Durchschnittsergebnis liegt bei 6 aus 10
Antwortstatistiken
Hint Antwort % Korrekt
D Hamburg
100%
NL Rotterdam
97%
NL Amsterdam
88%
D Bremen
74%
F Marseille
72%
B Antwerpen
68%
SP Valencia
56%
GR Piräus
28%
F Le Havre
25%
SP Algeciras
5%
Keine übereinstimmenden Quizze gefunden
Verteilung der Resultate
Anzahl Personen mit jedem Resultat
Perzentil nach korrekt beantworteten Fragen
Ihre Resultats-Entwicklung
Sie haben dieses Quiz noch nicht gespielt